| 000 -ლიდერი |
| ფიქსირებული სიგრძის საკონტროლო ველი |
00939nam a2200193Ia 4500 |
| 001 - საკონტროლო ნომერი |
| საკონტროლო ველი |
5994 |
| 003 - საკონტროლო ნომრის იდენტიფიკატორი |
| საკონტროლო ველი |
GE_BSU |
| 005 - ბოლო ოპერაციის თარიღი და დრო |
| საკონტროლო ველი |
20190628173117.0 |
| 008 - ფიქსირებული სიგრძის მონაცემთა ელემენტები - ზოგადი ინფორმაცია |
| ფიქსირებული სიგრძის საკონტროლო ველი |
181216s1981||||ge |||||||||||||| ||geo|| |
| 041 ## - ენის კოდი |
| Language code of text/sound track or separate title |
geo |
| 080 ## - უნივერსალური ათობითი კლასიფიკაციის ინდექსი |
| Universal Decimal Classification number |
621.7/9-52 ა-87 |
| 100 ## - მთავარი ჩანაწერი - პიროვნების სახელი |
| Personal name |
ასათიანი, მ. |
| 9 (RLIN) |
3078 |
| 245 ## - ცნობა სათაურის შესახებ |
| Title |
ლითონდასამუშავებელი სისტემები პროგრამული მართვით / |
| Statement of responsibility, etc |
მ. ასათიანი ; რედ : დ.გაფრინდაშვილი. |
| 264 ## - წარმოების, გამოცემის, დისტრიბუციის და სხვა ცნობები |
| გამოცემის, წარმოების, დისტრიბუციის... ადგილი |
თბილისი : |
| გამოცემის, წარმოების, დისტრიბუციის... სახელწოდება |
უნ-ტის გამ-ბა, |
| გამოცემის, წარმოების, დისტრიბუციის... თარიღი |
1981. |
| 300 ## - ფიზიკური აღწერა |
| Extent |
54 გვ .: |
| Other physical details |
ილ ; |
| Dimensions |
19 სმ. |
| 653 ## - INDEX TERM--UNCONTROLLED |
| Uncontrolled term |
ლითონდასამუშავებელი სისტემების პროგრამული მართვა |
| 700 ## - ADDED ENTRY--PERSONAL NAME |
| Personal name |
გაფრინდაშვილი, დ |
| Relator term |
რედაქტორი |
| 9 (RLIN) |
3079 |
| 942 ## - ADDED ENTRY ELEMENTS (KOHA) |
| Koha item type |
წიგნი |
| Source of classification or shelving scheme |
|